2 Letter Scrabble Words Quiz - Statistics

General Stats
  • This quiz has been taken 2,240 times
  • The average score is 55 of 107
Answer Stats
Word % Correct
AB
88%
AN
88%
AD
87%
AA
86%
AM
86%
AS
86%
AT
85%
BE
85%
AE
84%
AH
83%
BO
82%
AG
81%
AL
81%
AR
81%
AI
80%
BI
80%
BA
79%
DO
79%
AW
78%
AY
78%
AX
77%
DA
74%
DE
74%
EN
70%
EM
68%
FA
68%
BY
67%
EL
67%
ER
66%
ET
66%
ES
65%
EH
63%
GO
63%
ED
62%
EF
62%
HI
62%
EW
61%
EX
61%
FE
61%
HE
60%
HO
60%
IT
58%
HA
57%
IN
57%
ME
57%
IS
56%
LA
54%
MA
54%
MO
53%
GI
52%
LO
52%
IF
51%
JO
51%
MI
51%
NO
51%
LI
48%
ID
47%
KA
46%
KI
45%
ON
44%
SO
44%
ZA
44%
MU
43%
NA
43%
MY
42%
PO
41%
QI
41%
TO
41%
HM
40%
PA
40%
PI
40%
RE
40%
NE
39%
OF
39%
OR
38%
MM
36%
OH
35%
OP
35%
PE
35%
TI
35%
WE
35%
NU
33%
XI
33%
OM
32%
OX
32%
TA
31%
TE
31%
SI
30%
YA
30%
YO
30%
OE
29%
OI
29%
OK
29%
OW
29%
OD
28%
YE
28%
OS
27%
WO
27%
OY
26%
XU
23%
UN
22%
UP
20%
US
20%
UM
19%
SH
18%
UT
17%
UH
16%
No matching quizzes found
Score Distribution
Percent of People with Each Score
Percentile by Number Answered
Your Score History
You have not taken this quiz